Arms control : (Record no. 3584)
[ view plain ]
| 000 -LEADER | |
|---|---|
| fixed length control field | 01002cam a22002771 4500 |
| 001 - CONTROL NUMBER | |
| control field | 3584 |
| 003 - CONTROL NUMBER IDENTIFIER | |
| rucl marc code | BD-RjUL |
| 005 - DATE AND TIME OF LATEST TRANSACTION | |
| control field | 20211208233744.0 |
| 008 - FIXED-LENGTH DATA ELEMENTS--GENERAL INFORMATION | |
| fixed length control field | 131219s1961 xx 000 0 eng |
| 035 ## - SYSTEM CONTROL NUMBER | |
| System control number | (BD-RjUL)3618 |
| System control number | (OCoLC)855482 |
| 040 ## - CATALOGING SOURCE | |
| Original cataloging agency | DLC |
| Transcribing agency | VtMiM |
| Modifying agency | OCoLC |
| -- | DLC |
| -- | BD-RjUL |
| Language of cataloging | eng |
| 041 ## - LANGUAGE CODE | |
| Language code of text/sound track or separate title | eng |
| 082 00 - DEWEY DECIMAL CLASSIFICATION NUMBER | |
| Classification number | 341.67 |
| Author mark and year | AMA 1961 |
| 110 2# - MAIN ENTRY--CORPORATE NAME | |
| Corporate name or jurisdiction name as entry element | American Assembly. |
| 9 (RLIN) | 24702 |
| 245 10 - TITLE STATEMENT | |
| Title | Arms control : |
| Remainder of title | issues for the public / |
| Statement of responsibility, etc. | American Assembly. |
| 260 ## - PUBLICATION, DISTRIBUTION, ETC. (IMPRINT) | |
| Place of publication, distribution, etc. | Englewood Cliffs, N.J. : |
| Name of publisher, distributor, etc. | Prentice-Hall, |
| Date of publication, distribution, etc. | c1961. |
| 300 ## - PHYSICAL DESCRIPTION | |
| Pagination | xi, 207 p. : |
| Illustrations | maps, diagr. ; |
| Size | 22 cm. |
| 500 ## - GENERAL NOTE | |
| General note | Papers prepared for the use of participants in the 19th American Assembly, Arden House, Harriman Campus of Columbia University, May 4-7, 1961, and edited by Louis Henkin. |
| General note | "Final Report of the Nineteenth American Assembly": p. 201-204. |
| 650 #0 - SUBJECT ADDED ENTRY--TOPICAL TERM | |
| Topical term or geographic name as entry element | Disarmament. |
| 9 (RLIN) | 11341 |
| 700 1# - ADDED ENTRY--PERSONAL NAME | |
| Personal name | Henkin, Louis, |
| Relator term | ed. |
| 942 ## - ADDED ENTRY ELEMENTS (KOHA) | |
| Source of classification or shelving scheme | Dewey Decimal Classification |
| Koha item type | Books |
| Lost status | Source of classification or shelving scheme | Damaged status | Not for loan | Collection code | Permanent Location | Current Location | Shelving location | Date acquired | Source of acquisition | Cost, normal purchase price | Total Checkouts | Full call number | Date last seen | Copy number | Koha item type |
|---|---|---|---|---|---|---|---|---|---|---|---|---|---|---|---|
| Dewey Decimal Classification | Not For Loan | Non-fiction | Central Library, University of Rajshahi | Central Library, University of Rajshahi | Reading Room | 31/01/1963 | Mirza book | 9.75 | 341.67 AMA 1961 | 19/12/2013 | C-1 | Books | |||
| Dewey Decimal Classification | Non-fiction | Central Library, University of Rajshahi | Central Library, University of Rajshahi | 09/06/1973 | MR. S. K. AKANDA | 3.00 | 341.67 AMA 1961 | 22/12/2013 | C-2 | Books | |||||
| Dewey Decimal Classification | Non-fiction | Central Library, University of Rajshahi | Central Library, University of Rajshahi | 09/03/1967 | Mirza Book Agency | 9.75 | 341.67 AMA 1961 | 15/03/2014 | C-3 | Books |